Renewable Energy Sources and Emerging Technologies (Record no. 6253)

MARC details
000 -LEADER
fixed length control field 00436nam a2200157Ia 4500
008 - FIXED-LENGTH DATA ELEMENTS--GENERAL INFORMATION
fixed length control field 230312s9999||||xx |||||||||||||| ||und||
020 ## - INTERNATIONAL STANDARD BOOK NUMBER
International Standard Book Number 9788120333574
082 ## - DEWEY DECIMAL CLASSIFICATION NUMBER
Classification number 333.7924
Item number KOT-R
100 ## - MAIN ENTRY--PERSONAL NAME
Personal name Kothari,D.P
245 #0 - TITLE STATEMENT
Title Renewable Energy Sources and Emerging Technologies
260 ## - PUBLICATION, DISTRIBUTION, ETC.
Name of publisher, distributor, etc. Prentice Hall
Place of publication, distribution, etc. India
Date of publication, distribution, etc. 2008
300 ## - PHYSICAL DESCRIPTION
Extent 350
546 ## - LANGUAGE NOTE
Language note Eng.
650 ## - SUBJECT ADDED ENTRY--TOPICAL TERM
Topical term or geographic name entry element Engineering
Form subdivision Environmental Aspects of Electric Energy
942 ## - ADDED ENTRY ELEMENTS (KOHA)
Koha item type BOOK

No items available.

Powered by Koha